| 000 | 00851nam a2200265Ia 4500 | ||
|---|---|---|---|
| 003 | OSt | ||
| 005 | 20240411103406.0 | ||
| 008 | 210210b2012 xxu||||| |||| 00| 0 eng d | ||
| 020 | _a9788192116167 | ||
| 040 | _cAL | ||
| 041 | _aHindi | ||
| 082 | _aH891.9 LAKA | ||
| 100 |
_aLAKSHMAN (Yashvanthkar Santhoshkumar) _dयशवंतकर संतोषकुमार लक्ष्मण _9159556 |
||
| 245 |
_aAaj ka hindI sahity _bआज का हिंदी साहित्य |
||
| 260 |
_aKAnpur _bParag Prakashan _c2012 |
||
| 300 | _a187 | ||
| 650 |
_asAhity _9159557 |
||
| 650 |
_akA _9159558 |
||
| 650 |
_ahindI _9159559 |
||
| 650 |
_aAaj _9159560 |
||
| 690 |
_aHindi Criticism _9159561 |
||
| 700 |
_aJADHAV (Bhagvan Narayan) Ed _dभगवान नारायण जाधव _9159562 |
||
| 906 | _a067382 | ||
| 942 |
_2ddc _cBK |
||
| 999 |
_c150780 _d150780 |
||